Geography Quiz

Random Geography or State Quiz

Hyphenated German Cities Quiz Stats

 Plays Quiz not verified by Sporcle

Score 0/30 Timer 11:00
0 Plays Today
Population City % Correct
85,181Villingen-Schwenningen
88.6%
82,111Dessau-Roßlau
80%
55,123Baden-Baden
80%
73,425Castrop-Rauxel
77.1%
43,093Bietigheim-Bissingen
57.1%
58,707Neu-Ulm
51.4%
28,323Idar-Oberstein
51.4%
25,302Groß-Gerau
48.6%
39,103Bitterfeld-Wolfen
45.7%
48,505Rheda-Wiedenbrück
42.9%
40,092Leinfelden-Echterdingen
42.9%
27,194Garmisch-Partenkirchen (*)
42.9%
37,391Kamp-Lintfort
40%
28,251Bad Neuenahr-Ahrweiler
37.1%
28,070Henstedt-Ulzburg (*)
37.1%
Population City % Correct
20,519Aue-Bad Schlema
37.1%
34,828Mörfelden-Walldorf
34.3%
24,029Limbach-Oberfrohna
34.3%
37,668Neu-Isenburg
31.4%
21,162Groß-Umstadt
31.4%
19,769Annaberg-Buchholz
31.4%
24,226Waldshut-Tiengen
28.6%
20,218Leinefelde-Worbis
28.6%
27,837Blankenfelde-Mahlow (*)
20%
30,300Osterholz-Scharmbeck
17.1%
31,442Oer-Erkenschwick
14.3%
26,982Neukirchen-Vluyn
11.4%
26,776Schloß Holte-Stukenbrock
5.7%
24,081Übach-Palenberg
2.9%
19,679Korntal-Münchingen
0%

You're not logged in!

Compare scores with friends on all Sporcle quizzes.
OR
Log In

Sporcle TV

Today on Sporcle TV


Watch our educational content, quiz creation guides, and fun videos on Sporcle TV.

Show Comments

Extras

Top Quizzes Today


Score Distribution

Your Account Isn't Verified!

In order to create a playlist on Sporcle, you need to verify the email address you used during registration. Go to your Sporcle Settings to finish the process.

Report this User

Report this user for behavior that violates our Community Guidelines.

Details: